A K.E.O.Sz. Kassa egyh. megyei szervezőinek gyűlése

Komentár k zasadaniu 9. júna 1906 v Košiciach a doslovné znenie prejavu Edmunda Koncza

Podrobná bibliografia
Hlavný autor: Koncz, Ödön (Author)
Médium: Článok
Jazyk:Hungarian
Témy:
Zdroj: 1. Felsövidéki Szemle : Társadalmi és politikai hetilap 1. Roč. 1, č. 21 (17.06.1906), s. 1-3
LEADER 01030nab#a2200325#ar4500
001 000088021
003 SVKKK
005 20080131103708.0
008 080114c xo e huno
FMT
038 |a SVKKK 
040 |a SVKKK  |b slo  |e AACR2 
041 0 |a hun 
044 |a xo  |c SK 
080 |a 276  |2 1997 
080 |a 282:276  |2 1997 
100 1 |a Koncz, Ödön  |4 aut 
242 1 0 |a Zasadanie organizátorov Krajinského zväzu katolíkov košickej diecézy 
245 1 0 |a A K.E.O.Sz. Kassa egyh. megyei szervezőinek gyűlése  |c Ödön Koncz 
520 2 |a Komentár k zasadaniu 9. júna 1906 v Košiciach a doslovné znenie prejavu Edmunda Koncza 
650 0 4 |a krajinský zväz katolíkov  |x zasadanie  |z Košice (Slovensko)  |y 1906 
773 0 |t Felsövidéki Szemle : Társadalmi és politikai hetilap  |g Roč. 1, č. 21 (17.06.1906), s. 1-3 
957 |a 802 
958 |a DG 
958 |a HU 
974 |a Ba 
992 |a RBX 
997 |a Köncz, Ödön p. Köncz, Edmund  |d Kassa p. Košice 
BAS
998 |a RETRO